000 00587nmm a2200181Ia 4500
008 251105s9999||||xx |||||||||||||||||und||
020 _a9789587810684
041 _aspa
100 _aCameron, Jenny
245 0 _aRetomemos la economía: una guía ética para transformar nuestras comunidades
264 _a[Bogotá, Colombia] :
_bEditorial Pontificia Universidad Javeriana,
_c2017
300 _a272 páginas
650 _aEconomics and Business
700 _aCameron, Jenny
700 1 _a Healy, Stephen
856 _uhttps://public.digitaliapublishing.com/a/56163
942 _cCF
999 _c63395
_d63395